Short but difficult NASCAR quiz - Statistics

General Stats
  • This quiz has been taken 86 times
  • The average score is 5 of 10
Answer Stats
Question Answer % Correct
Which driver flipped off a NASCAR official during the 2010 AAA Texas 500? Kyle Busch
75%
Which of these drivers was winless during the 2010 NASCAR Cup Series Season? Dale Earnhardt, Jr.
70%
Which driver filled in for Kyle Busch during the 2015 Daytona 500? Matt Crafton
55%
Who had the most wins in the 2010 NASCAR Cup Series season? Denny Hamlin
50%
In what 5 year period was the Car of Tomorrow active? 2008-2012
45%
What was Brad Keselowski's penalty for tweeting during the 2012 AdvoCare 500? $25,000 + 0 points
45%
NASCAR driver David Reutimann has 2 career wins. Which tracks did these wins occur at? Chicagoland and Charlotte
45%
Which of these is NOT true of driver Randy Lajoie? Uncle of current NASCAR driver Corey Lajoie
45%
Which year was Mike Joy's first year being the lead broadcaster with NASCAR on FOX? 2001
40%
Which one of these drivers did NOT have their car flip in the 3 premier NASCAR series during the 2010 season? Mike Wallace - Nationwide Series
25%
No matching quizzes found
Score Distribution
Percent of People with Each Score
Percentile by Number Answered
Your Score History
You have not taken this quiz